[Event "23. Open de Moratalaz 2010"]
[Site "Madrid ESP"]
[Date "2010.09.18"]
[Round "3.4"]
[White "Almagro Llamas, Pablo"]
[Black "Ruano Marco, Javier"]
[Result "1-0"]
[WhiteElo "2451"]
[BlackElo "2191"]
[PlyCount "51"]
[EventDate "2010.09.16"]
[EventType "swiss"]
[EventRounds "9"]
[EventCountry "ESP"]
[Source "lmi"]
[SourceDate "2010.09.16"]

1. e4 c5 2. Nf3 Nc6 3. Bb5 g6 4. O-O Bg7 5. Bxc6 dxc6 6. d3 e5 7. h3 Ne7 8. Be3
b6 9. Qd2 O-O 10. Bh6 Qd6 11. Bxg7 Kxg7 12. a4 Be6 13. a5 b5 14. Nc3 Rad8 15.
Ne2 c4 16. Qc3 cxd3 17. cxd3 f6 18. d4 Bc4 19. dxe5 fxe5 20. Rfe1 Bxe2 21. Rxe2
Kf6 22. Rc1 b4 23. Qe3 Nc8 24. Rec2 Ne7 25. Qxa7 Qd3 26. Rc4 1-0

[Event "23. Open de Moratalaz 2010"]
[Site "Madrid ESP"]
[Date "2010.09.18"]
[Round "3.5"]
[White "Garrido Dominguez, Jesus"]
[Black "Unciti Juan, Javier"]
[Result "1-0"]
[WhiteElo "2410"]
[BlackElo "2159"]
[PlyCount "47"]
[EventDate "2010.09.16"]
[EventType "swiss"]
[EventRounds "9"]
[EventCountry "ESP"]
[Source "lmi"]
[SourceDate "2010.09.16"]

1. e4 e6 2. d4 d5 3. Nd2 Be7 4. Bd3 c5 5. dxc5 Bxc5 6. Ngf3 Nf6 7. Qe2 Nc6 8.
O-O Nb4 9. Bb5+ Bd7 10. c3 Nc6 11. exd5 Nxd5 12. Ne4 Be7 13. Rd1 Qc7 14. g3 a6
15. Bc4 Nf6 16. Bf4 e5 17. Bxf7+ Kf8 18. Bb3 Nxe4 19. Qc4 Be8 20. Bxe5 Bd6 21.
Rxd6 Nxd6 22. Qf4+ Ke7 23. Bxg7 Bg6 24. Re1+ 1-0

[Event "23. Open de Moratalaz 2010"]
[Site "Madrid ESP"]
[Date "2010.09.18"]
[Round "3.6"]
[White "Barez, Hectr"]
[Black "Hernando Pertierra, Jose Carlos"]
[Result "0-1"]
[WhiteElo "2129"]
[BlackElo "2386"]
[PlyCount "125"]
[EventDate "2010.09.16"]
[EventType "swiss"]
[EventRounds "9"]
[EventCountry "ESP"]
[Source "lmi"]
[SourceDate "2010.09.16"]

1. Nf3 Nf6 2. c4 e6 3. d4 Bb4+ 4. Nbd2 O-O 5. e3 d5 6. Bd3 c5 7. O-O Nbd7 8.
Qc2 b6 9. Nb3 cxd4 10. Nfxd4 Bb7 11. cxd5 Rc8 12. Nc6 Bxc6 13. dxc6 Ne5 14. Bb5
Qd5 15. Qe2 Nxc6 16. Bd2 Bxd2 17. Nxd2 Ne5 18. Nf3 Nxf3+ 19. gxf3 Rc5 20. Bd3
Qg5+ 21. Kh1 Qh4 22. f4 Rd8 23. Rad1 Rcd5 24. Bc2 g6 25. Rxd5 Rxd5 26. Bb3 Rd8
27. f3 Nh5 28. Rg1 Rc8 29. Qe1 Qh3 30. Qf2 Qf5 31. Qd2 Qf6 32. Rd1 Rc7 33. Qd8+
Qxd8 34. Rxd8+ Kg7 35. Kg2 Nf6 36. Rd1 Nd7 37. Ba4 Nc5 38. Bb5 a6 39. Bf1 Na4
40. Rd2 b5 41. Kf2 Rc1 42. Bd3 Kf6 43. Be4 Ra1 44. a3 Ke7 45. Bb7 Nc5 46. Bc6
Rc1 47. b4 Nd3+ 48. Rxd3 Rxc6 49. h4 Rc2+ 50. Kg3 Ra2 51. h5 gxh5 52. Kh4 Rh2+
53. Kg3 Rh1 54. Rc3 Kd6 55. Rd3+ Kc6 56. Rc3+ Kd5 57. Rc5+ Kd6 58. Rc3 h4+ 59.
Kg2 Ra1 60. Kh3 f5 61. Kxh4 Ke7 62. Kg3 Kf6 63. Kf2 0-1

[Event "23. Open de Moratalaz 2010"]
[Site "Madrid ESP"]
[Date "2010.09.18"]
[Round "3.7"]
[White "Mansilla Tolosa, Luis"]
[Black "Rubio Mejia, Luis"]
[Result "0-1"]
[WhiteElo "2107"]
[BlackElo "2373"]
[PlyCount "100"]
[EventDate "2010.09.16"]
[EventType "swiss"]
[EventRounds "9"]
[EventCountry "ESP"]
[Source "lmi"]
[SourceDate "2010.09.16"]

1. d4 Nf6 2. c4 e6 3. Nf3 b6 4. g3 Bb7 5. Bg2 Be7 6. O-O O-O 7. Nc3 Ne4 8. Nxe4
Bxe4 9. Ne5 Bxg2 10. Kxg2 d6 11. Nf3 Nd7 12. b3 Bf6 13. Bb2 c5 14. Rb1 cxd4 15.
Nxd4 Qc7 16. f3 a6 17. e4 Qb7 18. Ne2 Be7 19. Qd4 Nf6 20. e5 dxe5 21. Qxe5 Rfc8
22. Bd4 b5 23. cxb5 axb5 24. Rb2 b4 25. Nf4 Bf8 26. Re1 Nd7 27. Qe4 Qxe4 28.
Rxe4 Ra6 29. Nd3 Nb6 30. Bxb6 Rxb6 31. Kf2 g6 32. Rc4 Rd8 33. Ke3 h5 34. Rbc2
Rd5 35. Rc6 Rb8 36. Rc8 Rbb5 37. R2c4 Kg7 38. Ra8 Rd7 39. h3 Rbd5 40. Nxb4 Bc5+
41. Rxc5 Rxc5 42. f4 Rc3+ 43. Ke2 Rxg3 44. Nc6 Rc7 45. Ra6 Rc3 46. Ne5 Rxh3 47.
Kd2 h4 48. b4 Rh2+ 49. Ke3 Rb2 50. Nf3 Rc3+ 0-1

[Event "23. Open de Moratalaz 2010"]
[Site "Madrid ESP"]
[Date "2010.09.18"]
[Round "3.8"]
[White "Elissalt Cardenas, Hector"]
[Black "Cardenas Serrano, Sergio"]
[Result "1-0"]
[WhiteElo "2357"]
[BlackElo "2136"]
[PlyCount "61"]
[EventDate "2010.09.16"]
[EventType "swiss"]
[EventRounds "9"]
[EventCountry "ESP"]
[Source "lmi"]
[SourceDate "2010.09.16"]

1. d4 Nf6 2. c4 g6 3. Nc3 Bg7 4. e4 d6 5. f3 O-O 6. Be3 Nc6 7. Nge2 a6 8. Qd2
Rb8 9. Rc1 Bd7 10. g3 b5 11. cxb5 axb5 12. Bg2 b4 13. Nd1 e5 14. d5 Ne7 15. O-O
Rb7 16. Nf2 Qa8 17. b3 Bb5 18. Rc2 Qa6 19. Rd1 Bd7 20. Nc1 Rfb8 21. Bf1 Qa3 22.
Bc4 Ne8 23. Qe2 Ra8 24. Ncd3 f5 25. Nc5 dxc5 26. d6+ Kh8 27. dxe7 Nd6 28. Bxc5
Re8 29. Bxd6 cxd6 30. Rxd6 Rxe7 31. Ra6 1-0

[Event "23. Open de Moratalaz 2010"]
[Site "Madrid ESP"]
[Date "2010.09.18"]
[Round "3.9"]
[White "Aguado Solana, Juan"]
[Black "Perez Gonzalez, Jose Manuel"]
[Result "1/2-1/2"]
[WhiteElo "2096"]
[BlackElo "2318"]
[PlyCount "72"]
[EventDate "2010.09.16"]
[EventType "swiss"]
[EventRounds "9"]
[EventCountry "ESP"]
[Source "lmi"]
[SourceDate "2010.09.16"]

1. e4 d6 2. d4 Nf6 3. Nc3 g6 4. Nf3 Bg7 5. Bc4 Nc6 6. O-O Bg4 7. Be3 O-O 8. h3
Bxf3 9. Qxf3 e5 10. Rad1 exd4 11. Bxd4 Nxd4 12. Rxd4 Nd7 13. Rd2 Ne5 14. Qe2
Nxc4 15. Qxc4 Bxc3 16. Qxc3 Re8 17. Qb4 a5 18. Qxb7 Rb8 19. Qd5 Rxb2 20. Qxa5
Rxe4 21. Qd5 Ra4 22. c3 Rxd2 23. Qxd2 Qa8 24. Ra1 Qa5 25. Re1 Qa8 26. Re2 h5
27. Qe1 Kf8 28. Qd2 Kg7 29. Re7 Qc6 30. Qb2 Qc4 31. Qb3 Qxb3 32. axb3 Ra1+ 33.
Kh2 c5 34. b4 cxb4 35. cxb4 Rb1 36. Rd7 Rxb4 1/2-1/2

[Event "23. Open de Moratalaz 2010"]
[Site "Madrid ESP"]
[Date "2010.09.18"]
[Round "3.10"]
[White "Longa Yauca, Javier"]
[Black "Pascual Palomo, Lucia"]
[Result "1-0"]
[WhiteElo "2313"]
[BlackElo "2126"]
[PlyCount "83"]
[EventDate "2010.09.16"]
[EventType "swiss"]
[EventRounds "9"]
[EventCountry "ESP"]
[Source "lmi"]
[SourceDate "2010.09.16"]

1. d4 Nf6 2. c4 e6 3. Bg5 Bb4+ 4. Nc3 h6 5. Bh4 b6 6. f3 Bxc3+ 7. bxc3 d6 8. e4
Nbd7 9. Bd3 Bb7 10. Ne2 c5 11. O-O Qc7 12. Kh1 O-O-O 13. a4 g5 14. Bf2 g4 15.
a5 Rdg8 16. a6 Ba8 17. d5 h5 18. Bh4 Rg7 19. f4 b5 20. Ng3 exd5 21. cxd5 c4 22.
Bc2 Qb6 23. Nf5 Rgh7 24. Ne7+ Kd8 25. Nc6+ Kc7 26. Bf2 Nc5 27. Bd4 Rh6 28. Nb4
Re8 29. Re1 Nfd7 30. e5 Qb8 31. Rb1 Rg8 32. exd6+ Rxd6 33. Be5 Nxe5 34. fxe5
Rh6 35. Qd4 Qb6 36. Qf4 Rhh8 37. Qxf7+ Kb8 38. Rf1 Nxa6 39. Rf6 Nxb4 40. Rxb6+
axb6 41. cxb4 Rf8 42. Qe6 1-0

[Event "23. Open de Moratalaz 2010"]
[Site "Madrid ESP"]
[Date "2010.09.19"]
[Round "4.1"]
[White "Elissalt Cardenas, Hector"]
[Black "Moreno Ruiz, Javier"]
[Result "0-1"]
[WhiteElo "2357"]
[BlackElo "2491"]
[PlyCount "108"]
[EventDate "2010.09.16"]
[EventType "swiss"]
[EventRounds "9"]
[EventCountry "ESP"]
[Source "lmi"]
[SourceDate "2010.09.16"]

1. d4 Nf6 2. c4 g6 3. Nc3 Bg7 4. e4 d6 5. f3 O-O 6. Nge2 c5 7. d5 e6 8. Ng3
exd5 9. cxd5 h5 10. Bg5 Qb6 11. Qd2 Nh7 12. Be3 h4 13. Nge2 Nd7 14. Nc1 Ne5 15.
Be2 f5 16. f4 Nf7 17. e5 dxe5 18. Nd3 Qf6 19. fxe5 Nxe5 20. Nxe5 Qxe5 21. Bxc5
Re8 22. O-O-O Bd7 23. Bd4 Qxd4 24. Qxd4 Bxd4 25. Rxd4 g5 26. Rb4 Rab8 27. a4
Nf6 28. a5 Re5 29. Rd1 Kf8 30. Rdd4 Ke7 31. d6+ Kd8 32. a6 b5 33. Bf3 Rb6 34.
Bb7 Ne8 35. Rd1 Rxd6 36. Rxd6 Nxd6 37. Rd4 Re6 38. Nd5 Ne4 39. b4 Rd6 40. Rd1
Nf6 41. Nc3 Rxd1+ 42. Kxd1 Kc7 43. g3 h3 44. Bf3 g4 45. Bb7 f4 46. gxf4 g3 47.
Ne2 gxh2 48. Ng3 Bc6 49. Bxc6 Kxc6 50. f5 Kd5 51. Ke2 Kc4 52. Ke3 Kxb4 53. Kd4
Ka5 54. Ke5 Nh5 0-1

[Event "23. Open de Moratalaz 2010"]
[Site "Madrid ESP"]
[Date "2010.09.19"]
[Round "4.2"]
[White "Roa Alonso, Santiago"]
[Black "Longa Yauca, Javier"]
[Result "1-0"]
[WhiteElo "2454"]
[BlackElo "2313"]
[PlyCount "85"]
[EventDate "2010.09.16"]
[EventType "swiss"]
[EventRounds "9"]
[EventCountry "ESP"]
[Source "lmi"]
[SourceDate "2010.09.16"]

1. e4 e6 2. d4 d5 3. Nc3 Nf6 4. e5 Nfd7 5. Nce2 c5 6. c3 Nc6 7. f4 f6 8. Nf3
Qb6 9. a3 Be7 10. b4 c4 11. a4 a5 12. b5 Nd8 13. g3 Nf7 14. Bg2 Nf8 15. O-O f5
16. Qc2 Bd7 17. Qa2 Qd8 18. Ne1 Bc8 19. Nc2 Nd7 20. Ne3 Nb6 21. g4 g6 22. gxf5
exf5 23. Ba3 Bxa3 24. Qxa3 Be6 25. Kh1 Rc8 26. Ng1 h6 27. Rf2 Qh4 28. Raf1 Rc7
29. Bh3 Rf8 30. Rg2 Qh5 31. Rg3 Rd7 32. Bg2 g5 33. Qc5 Nxa4 34. Qa3 Nb6 35.
Qxa5 Nc8 36. Qa8 Kd8 37. Ng4 Nfd6 38. fxg5 Ne4 39. Bxe4 dxe4 40. Nf6 Rxf6 41.
gxf6 Bd5 42. Nh3 Qe2 43. Kg1 1-0

[Event "23. Open de Moratalaz 2010"]
[Site "Madrid ESP"]
[Date "2010.09.19"]
[Round "4.3"]
[White "Ortega Ruiz, Jose Miguel"]
[Black "Arribas Lopez, Angel"]
[Result "1-0"]
[WhiteElo "2278"]
[BlackElo "2454"]
[PlyCount "129"]
[EventDate "2010.09.16"]
[EventType "swiss"]
[EventRounds "9"]
[EventCountry "ESP"]
[Source "lmi"]
[SourceDate "2010.09.16"]

1. e4 c6 2. d4 d5 3. Nc3 dxe4 4. Nxe4 h6 5. Nf3 Bf5 6. Ng3 Bh7 7. Bd3 Bxd3 8.
Qxd3 e6 9. Bd2 Nf6 10. O-O-O Be7 11. Ne4 Nbd7 12. Kb1 Nxe4 13. Qxe4 Nf6 14. Qe2
Qd5 15. Bf4 O-O 16. Rhg1 Rfd8 17. g4 Qe4 18. Be3 Nd5 19. g5 Nf4 20. Qd2 Ng6 21.
Qe2 Nf4 22. Qd2 Ng6 23. Qe2 hxg5 24. Nxg5 Bxg5 25. Rxg5 Rd5 26. Rg4 Qf5 27.
Rdg1 Rad8 28. h4 Qh5 29. f3 Rf5 30. Bc1 c5 31. dxc5 Rxc5 32. Rg5 Rxg5 33. hxg5
Rd5 34. Qg2 Qh4 35. Rh1 Qb4 36. Qh2 Qd6 37. Qe2 b5 38. f4 a5 39. Qh5 a4 40. b3
a3 41. Qf3 b4 42. Qe4 Nf8 43. Qe1 Rd4 44. Qf1 Qd5 45. Qe1 Ng6 46. Rf1 Qf5 47.
Be3 Re4 48. Qd2 Qh3 49. Re1 Qf3 50. Bc5 Rxe1+ 51. Qxe1 Qxf4 52. Bxb4 Qxg5 53.
Bxa3 Qd5 54. Bb2 e5 55. a4 f5 56. a5 f4 57. a6 Qc5 58. Qc3 Qf8 59. Qc6 f3 60.
Qxg6 f2 61. Qe6+ Qf7 62. Qc8+ Qf8 63. Qc4+ Qf7 64. Qf1 Qa7 65. Bxe5 1-0

[Event "23. Open de Moratalaz 2010"]
[Site "Madrid ESP"]
[Date "2010.09.19"]
[Round "4.4"]
[White "Ramirez Garcia, Jorge Alberto"]
[Black "Garrido Dominguez, Jesus"]
[Result "0-1"]
[WhiteElo "2246"]
[BlackElo "2410"]
[PlyCount "46"]
[EventDate "2010.09.16"]
[EventType "swiss"]
[EventRounds "9"]
[EventCountry "ESP"]
[Source "lmi"]
[SourceDate "2010.09.16"]

1. e4 d6 2. d4 Nf6 3. Nc3 e5 4. Nge2 Be7 5. h3 a6 6. a4 O-O 7. Be3 exd4 8. Qxd4
c5 9. Qd2 Nc6 10. f4 Nb4 11. Rd1 d5 12. exd5 Re8 13. g3 Bf5 14. Rc1 Nfxd5 15.
Nxd5 Nxd5 16. Bf2 Be4 17. Rh2 Bf6 18. c3 Qa5 19. Bg2 Rad8 20. Bxe4 Nxc3 21. Qc2
Nxe4+ 22. Kf1 Nd2+ 23. Kg1 Rxe2 0-1

[Event "23. Open de Moratalaz 2010"]
[Site "Madrid ESP"]
[Date "2010.09.19"]
[Round "4.5"]
[White "Hernando Pertierra, Jose Carlos"]
[Black "Castaño Vargas, Henry Augusto"]
[Result "1-0"]
[WhiteElo "2386"]
[BlackElo "2205"]
[PlyCount "69"]
[EventDate "2010.09.16"]
[EventType "swiss"]
[EventRounds "9"]
[EventCountry "ESP"]
[Source "lmi"]
[SourceDate "2010.09.16"]

1. Nf3 Nf6 2. g3 c5 3. Bg2 Nc6 4. O-O e5 5. d3 d5 6. e4 Be7 7. Nbd2 O-O 8. a4
Re8 9. h3 Bf8 10. Kh2 h6 11. Re1 g6 12. b3 d4 13. Rf1 Qc7 14. Nc4 Be6 15. Bd2
b6 16. Nh4 Nd7 17. f4 exf4 18. gxf4 a6 19. a5 b5 20. Nb6 Nxb6 21. axb6 Qd8 22.
b7 Ra7 23. Be1 Be7 24. Nf3 Qc7 25. Bg3 Bd6 26. e5 Bf8 27. Nh4 Ne7 28. f5 gxf5
29. Qh5 Bg7 30. Rae1 Rxb7 31. Bxb7 Qxb7 32. Bf4 Kh7 33. Rg1 Bf8 34. Nf3 Qd5 35.
Bxh6 1-0

[Event "23. Open de Moratalaz 2010"]
[Site "Madrid ESP"]
[Date "2010.09.19"]
[Round "4.6"]
[White "Serrano Salvador, Eduardo"]
[Black "Cerrato Torrijos, Maria"]
[Result "1-0"]
[WhiteElo "2352"]
[BlackElo "2055"]
[PlyCount "57"]
[EventDate "2010.09.16"]
[EventType "swiss"]
[EventRounds "9"]
[EventCountry "ESP"]
[Source "lmi"]
[SourceDate "2010.09.16"]

1. d4 Nf6 2. c4 e6 3. Nc3 Bb4 4. e3 O-O 5. Nge2 d5 6. a3 Be7 7. cxd5 exd5 8.
Ng3 c6 9. Bd3 g6 10. O-O Re8 11. f3 Bd6 12. Bc2 Qc7 13. f4 Bg4 14. Qd3 Nbd7 15.
h3 Be6 16. Qd1 Kg7 17. Qf3 Ng8 18. Nh5+ Kh8 19. f5 Bxf5 20. Bxf5 gxf5 21. Qxf5
Re7 22. e4 dxe4 23. Nxe4 Rae8 24. Nef6 Ngxf6 25. Nxf6 Nxf6 26. Qxf6+ Kg8 27.
Bh6 Bh2+ 28. Kh1 Qg3 29. Bf4 1-0

[Event "23. Open de Moratalaz 2010"]
[Site "Madrid ESP"]
[Date "2010.09.19"]
[Round "4.7"]
[White "Perez Gonzalez, Jose Manuel"]
[Black "Gomez Ledo, Roberto Carlos"]
[Result "1/2-1/2"]
[WhiteElo "2318"]
[BlackElo "2453"]
[PlyCount "77"]
[EventDate "2010.09.16"]
[EventType "swiss"]
[EventRounds "9"]
[EventCountry "ESP"]
[Source "lmi"]
[SourceDate "2010.09.16"]

1. e4 d6 2. d4 Nf6 3. Nc3 c6 4. f4 Qa5 5. e5 Ne4 6. Qf3 Nxc3 7. Bd2 Qd5 8. Qxc3
Bf5 9. Ne2 dxe5 10. dxe5 e6 11. Ng3 Na6 12. Bxa6 bxa6 13. Nxf5 exf5 14. O-O
Qc5+ 15. Kh1 Qxc3 16. Bxc3 O-O-O 17. Rad1 Bc5 18. g3 Rxd1 19. Rxd1 Rd8 20.
Rxd8+ Kxd8 21. Kg2 Kd7 22. Kf3 Ke6 23. h3 h5 24. g4 hxg4+ 25. hxg4 g6 26. g5
Kd5 27. Bd2 Bb6 28. Be3 Kc4 29. Ke2 a5 30. c3 a4 31. Bxb6 axb6 32. Kd2 b5 33.
Kc2 b4 34. Kd2 c5 35. Kc2 Kd5 36. Kd3 c4+ 37. Ke3 a3 38. bxa3 bxa3 39. Kf3
1/2-1/2

[Event "23. Open de Moratalaz 2010"]
[Site "Madrid ESP"]
[Date "2010.09.19"]
[Round "4.8"]
[White "Paredes Sanchez, Juan"]
[Black "Guerra Mendez, Jose Angel"]
[Result "0-1"]
[WhiteElo "2206"]
[BlackElo "2448"]
[PlyCount "86"]
[EventDate "2010.09.16"]
[EventType "swiss"]
[EventRounds "9"]
[EventCountry "ESP"]
[Source "lmi"]
[SourceDate "2010.09.16"]

1. b3 d5 2. Bb2 Bf5 3. e3 Nf6 4. c4 e6 5. Nf3 Nbd7 6. Be2 h6 7. O-O Bd6 8. Nc3
O-O 9. d3 Bh7 10. Rc1 c6 11. Qd2 Qe7 12. Kh1 Rad8 13. Rg1 Ng4 14. Rgf1 f5 15.
h3 Ngf6 16. Bd1 g5 17. cxd5 exd5 18. Nd4 Rde8 19. Bc2 g4 20. Nce2 Nh5 21. Nf4
Nxf4 22. exf4 Bb4 23. Bc3 Bxc3 24. Qxc3 Qf6 25. b4 Re7 26. Bb3 Kh8 27. g3 Rfe8
28. h4 Kg7 29. a4 h5 30. a5 a6 31. Rc2 Kg6 32. Kg2 Bg8 33. Rfc1 Nf8 34. Nxc6
bxc6 35. Qxf6+ Kxf6 36. Rxc6+ Kg7 37. Rb6 Nd7 38. Rxa6 Rb8 39. Rcc6 Bf7 40. Rd6
Nc5 41. bxc5 Rxb3 42. Rf6 Rb1 43. Rfb6 Rc1 0-1

[Event "23. Open de Moratalaz 2010"]
[Site "Madrid ESP"]
[Date "2010.09.19"]
[Round "4.9"]
[White "Cortes Jurado, Rafael"]
[Black "Taboas Rodriguez, Daniel"]
[Result "0-1"]
[WhiteElo "2083"]
[BlackElo "2381"]
[PlyCount "56"]
[EventDate "2010.09.16"]
[EventType "swiss"]
[EventRounds "9"]
[EventCountry "ESP"]
[Source "lmi"]
[SourceDate "2010.09.16"]

1. d4 Nf6 2. Nf3 g6 3. c4 Bg7 4. g3 b6 5. Bg2 Bb7 6. O-O O-O 7. Nc3 Ne4 8. Nxe4
Bxe4 9. Ne1 Bxg2 10. Nxg2 d5 11. cxd5 Qxd5 12. Be3 Nc6 13. Rc1 Nxd4 14. Rxc7
Rfd8 15. Bxd4 Bxd4 16. Qa4 b5 17. Qa6 Qe5 18. Rc2 Bxb2 19. Rb1 Bc3 20. Nf4 b4
21. Nd3 Qe4 22. a3 Rd6 23. Qb5 a5 24. Qc5 Bd4 25. Qc4 bxa3 26. e3 Rc6 27. Qxc6
Qxc6 28. Rxc6 a2 0-1

[Event "23. Open de Moratalaz 2010"]
[Site "Madrid ESP"]
[Date "2010.09.19"]
[Round "4.12"]
[White "Santos, Jose Alves"]
[Black "Aguado Solana, Juan"]
[Result "1-0"]
[WhiteElo "2291"]
[BlackElo "2096"]
[PlyCount "107"]
[EventDate "2010.09.16"]
[EventType "swiss"]
[EventRounds "9"]
[EventCountry "ESP"]
[Source "lmi"]
[SourceDate "2010.09.16"]

1. e4 c5 2. c3 d6 3. d4 cxd4 4. cxd4 Nf6 5. Nc3 Nc6 6. d5 Ne5 7. Nf3 Nxf3+ 8.
Qxf3 g6 9. Bb5+ Bd7 10. O-O Bg7 11. Be3 Qa5 12. Qe2 O-O 13. f3 Rfc8 14. Bd3 Ne8
15. Nd1 Rc7 16. Nf2 Rac8 17. a3 Qa4 18. Rac1 Qb3 19. Rxc7 Rxc7 20. Rb1 a6 21.
Qd1 Ba4 22. Qxb3 Bxb3 23. Kf1 Bc2 24. Rc1 Bxd3+ 25. Nxd3 Rxc1+ 26. Bxc1 Bd4 27.
Ke2 Bg1 28. h3 Nf6 29. b3 Kf8 30. Nb2 Ke8 31. Nc4 Kd8 32. Bg5 Bd4 33. Kd3 Ba1
34. a4 Kd7 35. b4 Ne8 36. Na5 f6 37. Be3 Kc8 38. g4 Ng7 39. Nb3 Bb2 40. Kc2 Ba3
41. Bd2 b6 42. a5 b5 43. Nd4 g5 44. Kb3 h5 45. Nf5 Nxf5 46. exf5 Bxb4 47. Kxb4
hxg4 48. hxg4 Kd7 49. Kc3 Ke8 50. Kd4 Kf7 51. f4 gxf4 52. Ke4 Kg7 53. Kxf4 Kg8
54. g5 1-0

[Event "23. Open de Moratalaz 2010"]
[Site "Madrid ESP"]
[Date "2010.09.20"]
[Round "5.1"]
[White "Moreno Ruiz, Javier"]
[Black "Hernando Pertierra, Jose Carlos"]
[Result "1-0"]
[WhiteElo "2491"]
[BlackElo "2386"]
[PlyCount "119"]
[EventDate "2010.09.16"]
[EventType "swiss"]
[EventRounds "9"]
[EventCountry "ESP"]
[Source "lmi"]
[SourceDate "2010.09.16"]

1. e4 d5 2. exd5 Nf6 3. Nf3 Nxd5 4. d4 g6 5. Bc4 Bg7 6. O-O O-O 7. c3 c6 8. h3
Nd7 9. Re1 h6 10. a4 b6 11. Nbd2 Bb7 12. a5 bxa5 13. Bf1 c5 14. Nb3 a4 15. Rxa4
N5b6 16. Ra3 c4 17. Na5 Bd5 18. Nd2 Rc8 19. b3 cxb3 20. c4 Ba8 21. Ndxb3 e6 22.
c5 Nd5 23. Nc4 e5 24. Nxe5 Nxe5 25. dxe5 Qc7 26. Qg4 Rce8 27. e6 h5 28. Qa4
Rxe6 29. Rxe6 fxe6 30. Qxa7 Qe5 31. Qa5 Qf5 32. Qe1 Be5 33. Ra4 Nc3 34. Nd4 Qf6
35. Rxa8 Rxa8 36. Nf3 Ra1 37. Nxe5 Rxc1 38. Qxc1 Qxe5 39. Qh6 Kf7 40. Qh7+ Qg7
41. Qxg7+ Kxg7 42. Bc4 Kf6 43. h4 Ne4 44. c6 Nd6 45. c7 Ke7 46. Bd3 Kd7 47.
Bxg6 Kxc7 48. Bxh5 Kd7 49. Bg6 Ke7 50. Kh2 Kf6 51. Bd3 e5 52. f3 Nb7 53. Kh3
Nc5 54. Be4 Ne6 55. g3 Nd4 56. g4 Ne2 57. g5+ Ke6 58. Kg4 Nf4 59. h5 Ng2 60. h6
1-0

[Event "23. Open de Moratalaz 2010"]
[Site "Madrid ESP"]
[Date "2010.09.20"]
[Round "5.2"]
[White "Garrido Dominguez, Jesus"]
[Black "Roa Alonso, Santiago"]
[Result "1/2-1/2"]
[WhiteElo "2410"]
[BlackElo "2454"]
[PlyCount "127"]
[EventDate "2010.09.16"]
[EventType "swiss"]
[EventRounds "9"]
[EventCountry "ESP"]
[Source "lmi"]
[SourceDate "2010.09.16"]

1. e4 d6 2. d4 Nf6 3. Nc3 g6 4. Nf3 Bg7 5. h3 O-O 6. Be3 c6 7. a4 Qc7 8. a5 e5
9. dxe5 dxe5 10. Bc4 Nh5 11. g3 Qe7 12. Qb1 Qf6 13. Nd2 Rd8 14. Qa2 Nd7 15.
O-O-O Nf8 16. Ne2 Ne6 17. Nb3 Bd7 18. Nc5 Nxc5 19. Bxc5 Bh6+ 20. Kb1 Bxh3 21.
Rxd8+ Rxd8 22. Qb3 Bc8 23. Bxa7 Qe7 24. Nc1 Bd2 25. Bb6 Rd7 26. Nd3 Bg5 27. Qc3
Bf6 28. b4 Bg7 29. Bb3 Qe8 30. Ba4 Nf6 31. f3 Nd5 32. exd5 e4 33. Bd4 Bxd4 34.
Qxd4 exd3 35. Qxd3 Qe5 36. a6 b5 37. Bb3 Bxa6 38. Qe4 Qxe4 39. fxe4 Bb7 40. Rd1
cxd5 41. exd5 Kg7 42. Kb2 Kf6 43. Kc3 Ke5 44. Re1+ Kd6 45. Kd4 Rd8 46. c4 bxc4
47. Bxc4 Ra8 48. g4 Ra4 49. Rf1 Rxb4 50. Rf6+ Ke7 51. g5 h6 52. d6+ Ke8 53. Kc5
Rxc4+ 54. Kxc4 hxg5 55. Kc5 Be4 56. Kd4 Bf5 57. Kc5 g4 58. Kc6 Kd8 59. Rxf7
Be4+ 60. Kc5 g3 61. Rf8+ Kd7 62. Rf7+ Kd8 63. d7 Kc7 64. Rf1 1/2-1/2

[Event "23. Open de Moratalaz 2010"]
[Site "Madrid ESP"]
[Date "2010.09.20"]
[Round "5.3"]
[White "Guerra Mendez, Jose Angel"]
[Black "Ortega Ruiz, Jose Miguel"]
[Result "1-0"]
[WhiteElo "2448"]
[BlackElo "2278"]
[PlyCount "53"]
[EventDate "2010.09.16"]
[EventType "swiss"]
[EventRounds "9"]
[EventCountry "ESP"]
[Source "lmi"]
[SourceDate "2010.09.16"]

1. e4 c5 2. Nf3 e6 3. d4 cxd4 4. Nxd4 a6 5. Bd3 Bc5 6. Nb3 Be7 7. Be3 Nc6 8.
N1d2 d5 9. f4 Nf6 10. e5 Nd7 11. O-O b5 12. Nf3 Nb6 13. Nfd4 Nxd4 14. Bxd4 g6
15. g4 Qc7 16. f5 Bd7 17. Qf3 O-O-O 18. Qe3 Na4 19. fxg6 fxg6 20. Rf7 Be8 21.
Rxe7 Qxe7 22. Nc5 Nxc5 23. Bxc5 Qh4 24. Be2 h5 25. Qa3 Rd7 26. Qxa6+ Rb7 27.
Bd6 1-0

[Event "23. Open de Moratalaz 2010"]
[Site "Madrid ESP"]
[Date "2010.09.20"]
[Round "5.4"]
[White "Taboas Rodriguez, Daniel"]
[Black "Almagro Llamas, Pablo"]
[Result "0-1"]
[WhiteElo "2381"]
[BlackElo "2451"]
[PlyCount "100"]
[EventDate "2010.09.16"]
[EventType "swiss"]
[EventRounds "9"]
[EventCountry "ESP"]
[Source "lmi"]
[SourceDate "2010.09.16"]

1. d4 Nf6 2. Nf3 e6 3. c4 Bb4+ 4. Nbd2 d5 5. a3 Be7 6. g3 O-O 7. Bg2 c5 8. O-O
cxd4 9. cxd5 Qxd5 10. Nb3 d3 11. Nfd4 Qh5 12. exd3 Qxd1 13. Rxd1 Rd8 14. Be3
Nd5 15. Rac1 Na6 16. Nb5 Bd7 17. Bxd5 exd5 18. N3d4 Bf6 19. b4 Bxd4 20. Nxd4
Rac8 21. Bf4 f6 22. h4 Kf7 23. f3 h5 24. Kf2 b6 25. Re1 Rxc1 26. Rxc1 g6 27.
Ke3 Re8+ 28. Kd2 Rd8 29. Nc6 Rc8 30. Nxa7 Rxc1 31. Kxc1 b5 32. d4 Ke7 33. Kd2
Kd8 34. a4 Nxb4 35. Kc3 Nc6 36. Nxb5 Bc8 37. Bd6 Bh3 38. Kd3 Kd7 39. Ke3 Bf1
40. Bc5 Bc4 41. Nc3 Nd8 42. a5 Ne6 43. Na4 Kc6 44. Be7 f5 45. Nb6 Ba6 46. Bb4
f4+ 47. gxf4 Ng7 48. f5 Nxf5+ 49. Kf4 Nxh4 50. Be1 Ng2+ 0-1

[Event "23. Open de Moratalaz 2010"]
[Site "Madrid ESP"]
[Date "2010.09.20"]
[Round "5.5"]
[White "Garcia Galeote, Lorenzo"]
[Black "Elissalt Cardenas, Hector"]
[Result "0-1"]
[WhiteElo "2040"]
[BlackElo "2357"]
[PlyCount "114"]
[EventDate "2010.09.16"]
[EventType "swiss"]
[EventRounds "9"]
[EventCountry "ESP"]
[Source "lmi"]
[SourceDate "2010.09.16"]

1. d4 d6 2. c4 f5 3. Nf3 Nf6 4. g3 e6 5. Bg2 Be7 6. O-O O-O 7. b3 Qe8 8. Bb2
Qh5 9. Nfd2 d5 10. e3 Qh6 11. Ba3 Bxa3 12. Nxa3 c6 13. Nc2 Bd7 14. f4 Be8 15.
Nf3 Bh5 16. Nce1 Nbd7 17. Qc2 Ng4 18. Qd3 Qf6 19. Ne5 Ngxe5 20. dxe5 Qe7 21.
Nf3 Bxf3 22. Bxf3 Nc5 23. Qc2 a5 24. Rac1 Rac8 25. Rfd1 Rfd8 26. Rd4 b5 27.
Rcd1 Na6 28. Be2 Qa7 29. cxb5 cxb5 30. Qd3 Nb4 31. Qxb5 Rc5 32. Qa4 Qb6 33. Kh1
Rc2 34. a3 Na2 35. Qb5 Qc7 36. Qa6 Kf7 37. Bf3 Rf2 38. Bg2 Rb8 39. Bxd5 exd5
40. Rxd5 Qb7 41. Qc4 Rc8 42. Qd3 g6 43. e4 Rc7 44. exf5 Nc3 45. fxg6+ hxg6 46.
e6+ Ke7 47. Kg1 Nxd1 48. Qd4 Rg2+ 49. Kh1 Re2 50. Qg7+ Kxe6 51. Qg8+ Rf7 52.
Qe8+ Kxd5 53. Qxe2 Kd4+ 54. Kg1 Qxb3 55. Qe5+ Kd3 56. Qd6+ Ke2 57. Qa6+ Qd3 0-1